Quizzes
Events
Quiz Creation
Community
Videos
Private Events
Remove Ads
Sign In
Join for FREE
Feedback
Dark Mode
Quiz Categories
Sports
Geography
Music
Movies
Television
Just For Fun
Miscellaneous
History
Literature
Language
Science
Gaming
Entertainment
Religion
Holiday
For Kids
Quiz Lab
Recent
Popular Today
Quiz Kudos Today
Editor Picks
Curator Picks
Quizzes by...
Day
Popularity
Type
Ratings
Length
Year
Community
Subscriptions
Recent Discussions
Orange Saloon
Badges
Playlists
Quests
Create
Leaderboards
Showdown
Live 5
Trivia Bingo
Activity
Puzzle Library
Sporcle Events
Private Events
Virtual Trivia
Globe League
Become a Host
Pub Owners
SporcleCon
Opinionation
Our Games
Videos
Blog
Mobile Apps
Partnerships
Remove Ads and Go Orange
Feedback
Gaming
Video Games
Board Games
Card Games
Pokémon
Mario
Nintendo
Minecraft
Console
Toys
Legend of Zelda
Gaming
Video Games
Board Games
Card Games
Pokémon
Mario
Nintendo
Minecraft
Console
Toys
Legend of Zelda
Random Quiz
Search Sporcle
×
Curator Pick
Curator Pick
Gaming
Numbers
Type in answers that appear in a list
Type in answers that appear in a list
Classic
Best Score? Go Orange.
Zelda II: The Adventure of Link by Numbers Stats
Can you name the numbers associated with Zelda II: The Adventure of Link?
By
RainmanDX
3m
20 Questions
478 Plays
478 Plays
478 Plays
Comments
Comments
Give Quiz Kudos
Give Quiz Kudos
-
- Ratings
hide this ad
More Info
Forced Order
Answers have to be entered in order
Answers have to be entered in order
Random Order
Randomize order of answers
Randomize order of answers
Replay
Link that replays current quiz
Next Quiz
Link to next quiz in quiz playlist
You Got
0%
They Got
Avg Score
66%
Avg Friend Score
Upgrade to see
Score Distribution
Jump to the score distribution portion of the page
Score
0/20
Timer
03:00
0
Plays Today
The Number Of...
Number
% Correct
Continents that comprise Hyrule
2
80.3%
Palaces in Hyrule, including the North Palace
8
77.8%
Different types of Ironknuckle (Palette swaps, really)
3
75.1%
Current Residents of Old Kasuto, apparently
1
74%
Heart Containers hidden around Hyrule
4
72.3%
Floors in the floating Water Palace
5
72.1%
Link Dolls scattered across Hyrule (1-
Ups)
6
72.1%
Spells and Sword Techniques Link would do well to learn
10
71.9%
Link's Age, in Years, when the Crest appeared on his hand
15
70.2%
'Do you have the _
_
_
_
_
_
Magic Containers?'
7
69.8%
The Number Of...
Number
% Correct
Experience Points to gain the first Life Level-
up
50
66.9%
'Thanks a _
_
_
_
_
_
_
_
_
.'
Million
66%
Different natural landforms visible on the Overworld Map
9
65.8%
Houses in the Harbor Town of Mido
12
63.9%
Different overworld portions of Death Mountain
17
61%
Segments of the Bridge to Maze Island
14
60.4%
Graves immediately adjacent the King's Tomb
0
60.2%
Experience Points a Doomknocker yields at death
100
58.3%
Experience Points killing a Patra earns
20
55.6%
Experience Points that are too many to level up; 1-
Up instead
9000
42.3%
Quiz Playlist
Details
Report
Send in Message
Add To Playlist
More Info:
Answers correspond only to Zelda II: The Adventure of Link. Please disregard any overlap with other entries in the franchise.
Classic:
Type in answers that appear in a list
Forced Order:
Answers have to be entered in order
Random Order:
Randomize order of answers
Quiz Source
Last Updated: Feb 16, 2017
Curator Pick in
Legend of Zelda
Quiz Scoreboard
CHALLENGE
Sign Up to Join the Scoreboard
Show All
Scores
Hide
Comments
May contain spoilers
Recently Published
Movies - When Are They Set?
by FPL_Elf
Movies
5m
Popular People in 1961
by mucciniale
History
6m
1-10 Letter E Words III
by El_Dandy
Language
2m
More to Explore
Quiz From the Vault
Featured Blog Post
Where Did the Easter Bunny Come From?
hide this ad
You Might Also Like...
Tags
Legend of Zelda Quiz
Nintendo Quiz
Numbers Quiz
Adventure
link
Today's Top Quizzes in Gaming
Browse Gaming
hide this ad
Today's Top Quizzes in Numbers
Browse Numbers
Top Contributed Quizzes in Gaming
1
Destiny 2 exotic weapons by perk icons
2
Who's on the WWE 2K24 Cover?
3
Windmill: Pokémon
4
Overwatch 2 Heroes by Selection Quote
5
Genshin murder mystery
6
Overwatch 2: Ultimate Ability Icons
7
Franchise by Action Figure
8
Legendary or Exotic?
9
Genshin Impact Logic Puzzle
10
Genshin Impact Logic Puzzle Quiz
Explore More
Trending Topics
Anime
Kpop
NBA
Marvel
Disney
Harry Potter
Crossword
Pokémon
WWE
Song
Soccer
Puzzle
Country
The Office
NFL
hide this ad
More By:
RainmanDX
Quiz
Plays
Rating
Category
Featured
Created
Famously Short Surnames
83,269
3.04
Entertainment
Aug 4, 2010
Video Game Before & After Blitz
33,840
4.33
Gaming
Sep 24, 2012
Legend of Zelda: Ocarina of Time by Numbers
29,310
4.49
Gaming
Jun 6, 2010
Legend of Zelda: Breath of the Wild by Numbers
5,878
4.91
Gaming
May 24, 2017
The Legend of Zelda Word Ladders
5,858
4.45
Gaming
Oct 10, 2012
Go to Creator's Profile
Score Distribution
Quiz Creator Spotlight
RainmanDX
Follow
Send a Message
Quizzes Created
-
Created Quiz Play Count
-
More By This Creator
Popular Quizzes Today
1
Find the US States - No Outlines Minefield
2
Find the Countries of Europe - No Outlines Minefield
3
The Countries of the World
4
Popular People in 1961
5
1-10 Letter E Words III
6
US States
7
Find the US States
8
One Thing in Common: World Cities II
More Gaming Quizzes
All Pokemon Gen I (with types)
Quiz Lab
Trending Quizzes
Risky Map Clicking: Least Populous States A-Z
1-10 Letter F Words
1-10 Letter G Words
One Thing in Common: United Kingdom
Risky Map Clicking: Next State Alphabetically
Recently Updated
Leaping Animals
pecheneg
Reality TV Shows (A-Z)
bhenderson79
Rickey Henderson's Hall of Fame Teammates
pecheneg
Champions League XIs: Arsenal
pecheneg
Quick Pick: Celebrities in WWE's Hall of Fame
aduchscher
A-Z Keypad Blitz II
pecheneg
Multiple Oscar Actors
pecheneg
Mystery Phrase Blitz: Oscar 'Best Actors'
pecheneg
F. Scott Fitzgerald Novels
LTH
Pick 3 Villains
ddd62291
Trending Topics
Disney
Anime
Kpop
Harry Potter
NBA
Marvel
Crossword
Puzzle
Pokémon
Country
Soccer
WWE
Song
The Office
NFL
Your Account Isn't Verified!
In order to create a playlist on Sporcle, you need to verify the email address you used during registration. Go to your
Sporcle Settings
to finish the process.
Report this User
Report this user for behavior that violates our
Community Guidelines
.
Details:
Send Report
Go to the Sporcle.com Mobile Site →
Comments